<?xml version="1.0" encoding="UTF-8"?><?xml-stylesheet type="text/xsl" href="static/style.xsl"?><OAI-PMH xmlns="http://www.openarchives.org/OAI/2.0/" xmlns:xsi="http://www.w3.org/2001/XMLSchema-instance" xsi:schemaLocation="http://www.openarchives.org/OAI/2.0/ http://www.openarchives.org/OAI/2.0/OAI-PMH.xsd"><responseDate>2026-04-13T02:55:32Z</responseDate><request verb="GetRecord" identifier="oai:www.recercat.cat:2099.1/15754" metadataPrefix="marc">https://recercat.cat/oai/request</request><GetRecord><record><header><identifier>oai:recercat.cat:2099.1/15754</identifier><datestamp>2025-07-22T17:11:20Z</datestamp><setSpec>com_2072_1033</setSpec><setSpec>col_2072_452951</setSpec></header><metadata><record xmlns="http://www.loc.gov/MARC21/slim" xmlns:dcterms="http://purl.org/dc/terms/" xmlns:xsi="http://www.w3.org/2001/XMLSchema-instance" xmlns:doc="http://www.lyncode.com/xoai" xsi:schemaLocation="http://www.loc.gov/MARC21/slim http://www.loc.gov/standards/marcxml/schema/MARC21slim.xsd">
   <leader>00925njm 22002777a 4500</leader>
   <datafield ind2=" " ind1=" " tag="042">
      <subfield code="a">dc</subfield>
   </datafield>
   <datafield ind2=" " ind1=" " tag="720">
      <subfield code="a">Cabrera Quer, Jordi</subfield>
      <subfield code="e">author</subfield>
   </datafield>
   <datafield ind2=" " ind1=" " tag="260">
      <subfield code="c">2012-06-11</subfield>
   </datafield>
   <datafield ind2=" " ind1=" " tag="520">
      <subfield code="a">L’objectiu d’aquest Treball de Final de Grau és el disseny i muntatge d’un sistema&#xd;
d’adquisició de dades USB. L’adquisició de dades consisteix en la presa de&#xd;
mostres del món real per generar dades manipulables per un ordinador.&#xd;
En aquest cas, es captaran un conjunt de senyals elèctrics (analògics i/o&#xd;
digitals), s’adaptaran i es processaran per poder enviar la informació a un&#xd;
ordinador, on un software podrà manipular, visualitzar i guardar aquesta&#xd;
informació.&#xd;
Com a requeriment bàsic d’aquest projecte s’ha remarcat que la comunicació&#xd;
entre el sistema d’adquisició de dades i l’ordinador es farà mitjançant el port&#xd;
USB. La elecció d’aquest port és deguda a la velocitat que pot donar, així com, la&#xd;
multitud d’usos que té actualment.</subfield>
   </datafield>
   <datafield tag="653" ind2=" " ind1=" ">
      <subfield code="a">Àrees temàtiques de la UPC::Informàtica</subfield>
   </datafield>
   <datafield tag="653" ind2=" " ind1=" ">
      <subfield code="a">USB</subfield>
   </datafield>
   <datafield tag="653" ind2=" " ind1=" ">
      <subfield code="a">Adquisició de dades</subfield>
   </datafield>
   <datafield ind2="0" ind1="0" tag="245">
      <subfield code="a">Sistema d'adquisició de dades USB</subfield>
   </datafield>
</record></metadata></record></GetRecord></OAI-PMH>